000 00986nam2a22002771 4500
001 v19\rc\1967016
005 20251118181039.1
035 _a(NLR Aleph) 005049585
090 _a6880188
_c6880188
100 _a20080428d1914 u y0rusy50 ca
101 1 _arus
_byid
_cheb
102 _aRU
105 _ay z |||||
200 0 _aЧ. 2
_fПер. Ер. Гельперн
210 _d1914
215 _a133 с.
_d22
461 0 _1001v19\rc\1967015
_12001#$aБиблейские рассказы для еврейских детей$eСокр. излож. Библии$vЧ. 2
_96880182
_cОдесса
_d1914
_nМория
_oСокр. излож. Библии
_tБиблейские рассказы для еврейских детей
_vЧ. 2
702 1 _aГельперн
_bЕр.
_4730
801 0 _aRU
_bNLR
_gpsbo
801 0 _aRU
_bRuMoRGB
_2psbo
801 1 _aRU
_bProSoft-M
_2rusmarc
852 _aNLR
_j37.71.7.1
899 _aRuMoRGB
_jV 66/28
899 _aБАН
942 _cBOOK
980 _aNB